00513nam a2200133 a 450000100100000000500170001000800410002704000250006824500650009326000790015830000200023795201050025799900170036200003748220200930080405.0120420s1988 pn 000 0 spa d aDO-SdBNPbspacBNPHU00aManual de cultivo del camarón de río gigante de Malasia. aPanama :bCentro de Documentación e Información de Acuicultura,c1988. a29 p. ;c22 cm. 001050718MOaGRbGRcCTd2012-04-20iLF1l0o p37482-10r2020-06-25w2020-06-25y1ZNo se presta c36972d36972